000 00615nam a2200181Ia 4500
003 LK-CoDNM
008 010623t2000 xxu||||| |||| 00| 1 sin d
040 _aLK-CoDNM
_dLK-CoDNM
_eLK-CoDNM
041 _asin
080 _a659.9
_bATH
100 _aAththanayaka, Bandula
245 _aවසර 2000 තෙක් ජනමාධ්‍ය ඉතිහාසයේ වැදගත් සන්ධිස්ථාන
246 _aWasara 2000 thek jnmaadya ithihaasayee vedagath sandisthana
260 _bSaraswathi prakashana
_aDiulapitiya
_c2000
300 _b136, 22 cm
650 _aCommunication
942 _cBK
999 _c120623
_d120623